Transnacionálne korporácie v krajinách strednej a východnej Európy bakalárska práca

Enregistré dans:
Détails bibliographiques
Auteur principal: Targoš, Marek
Collectivité auteur: Fakulta medzinárodných vzťahov EU. Katedra medzinárodných ekonomických vzťahov a hospodárskej diplomacie
Autres auteurs: Gálová, Lucia
Format: Livre
Langue:slovaque
Publié: Bratislava 2009
Tags: Ajouter un tag
Pas de tags, Soyez le premier à ajouter un tag!

MARC

LEADER 00000nam$a2200000$$$4500
001 0099990
005 20240318140952.7
041 0 |a slo 
044 |a SK 
245 1 0 |a Transnacionálne korporácie v krajinách strednej a východnej Európy  |b bakalárska práca  |c Marek Targoš ; škol. Lucia Gálová 
264 1 |a Bratislava  |c 2009 
300 |a 44 s. 
100 1 |a Targoš, Marek 
700 1 |a Gálová, Lucia 
710 2 |a Fakulta medzinárodných vzťahov EU. Katedra medzinárodných ekonomických vzťahov a hospodárskej diplomacie